000 00781nam a22002297a 4500
999 _c3161
_d3161
003 AR-CdUCM
008 190306b ||||| |||| 00| 0 spa d
040 _aMUNICIPALIDAD PROVINCIAL DEL CUSCO
_cBIBLIOTECA MUNICIPAL DEL CUSCO
082 _a814.84 /
_bV65
100 _aVilela, Arturo
_910649
245 _aCinco escritores paceños del novecientos /
260 _aLa Paz :
_bEdic. Nogales,
_c1993.
300 _a138 paginas ;
_c20 cm.
505 _aContenido :Cinco editores paceños --Daniel Sanchez Bustamante --Belizario Diaz Romero --Personalidad y obra de Rigoberto Paredes ...
650 _aBibliografias
_9991
650 _aEnsayos
_9375
650 _aIdeologia
_910650
650 _aPolitica
_9291
650 _aCultura
_9126
942 _2ddc
_cLIBROS
945 _arjall